| 000 | 01208nam a2200253 4500 | ||
|---|---|---|---|
| 003 | CO-ViMGA | ||
| 020 | _a9789589802793 | ||
| 040 |
_aCO-ViMGA _bspa _cCO-ViMGA |
||
| 082 | 0 | 4 |
_a923.587 _bB65b |
| 100 | 1 |
_aBolivar, Simón. _96414 |
|
| 245 | 1 | 0 |
_aBolívar Esencial : _bel pensamiento y las estrategias del libertador a través de sus manifiestos, proclamas, cartas y discursos,escritos a lo largo de las campañas de independencia.Incluye también el diario de Bucaramanga, de Louis Peru de Lacroix / _cSimón Bolívar. |
| 260 |
_aColombia: _bRevistas número ediciones, ministerio de cultura, _c2010. |
||
| 300 |
_a323 p. ; _b21 cm. |
||
| 500 | _aIncluye premios de literaturas del bicentenario. Ministerio de cultura 2010. | ||
| 504 | _aIncluye bibliografías. | ||
| 650 | 1 | 4 |
_aAmérica del sur - Historia - Guerras de independencia, fuentes. _96418 |
| 650 | 1 | 4 |
_aBolivar, Simón - Correspondencia, memorias. _96416 |
| 650 | 1 | 4 |
_aBolivar, Simón - Discursos. _96415 |
| 650 | 1 | 4 |
_aBolivar, Simón - Pensamiento político y social. _96417 |
| 700 | 1 |
_aGonzález Uribe, Guillermo, _eed. _96419 |
|
| 700 | 1 |
_aHernández, Cristian, _eed. _96420 |
|
| 700 | 1 |
_aMejía, Ana Cristina, _eed. _96421 |
|
| 942 |
_2ddc _cBK |
||
| 999 |
_c37521 _d37521 |
||